000 00855pam a2200265 a 4500
999 _c503
_d503
001 3560238
003 OSt
005 20210614140445.0
008 980526s1999 njua b 001 0 eng
010 _a 98019446
020 _a0138755434
040 _aDLC
_cDLC
_dDLC
050 0 0 _aBF637
_b.C6 G5334 1999
082 0 0 _a158/.35
_221
100 1 _aGladding, Samuel T.
245 1 0 _aGroup work :
_ba counseling specialty /
_cSamuel T. Gladding.
250 _a3rd ed.
260 _aUpper Saddle River, N.J. :
_bMerrill,
_cc1999.
300 _axix, 524 p. :
_bill. ;
_c25 cm.
504 _aIncludes bibliographical references and indexes.
650 0 _aGroup counseling.
906 _a7
_bcbc
_corignew
_d1
_eocip
_f19
_gy-gencatlg
942 _2lcc
_cBK
_nSO